Straßenbahnlinie 1 (Wien) - Statistiken

Allgemein
  • Dieses Quiz wurde 20 mal gespielt
  • Das Durchschnittsergebnis liegt bei 25 aus 30
Antwortstatistiken
Station % Korrekt
Karlsplatz
100%
Matzleinsdorfer Platz
100%
Oper, Karlsplatz
100%
Parlament
100%
Prater, Hauptallee
100%
Rathausplatz, Burgtheater
100%
Schottenring
100%
Schottentor
100%
Schwedenplatz
100%
Stefan-Fadinger-Platz
100%
Börse
93%
Ring, Volkstheater
93%
Burgring
86%
Kliebergasse
86%
Löwengasse
86%
Radetzkyplatz
86%
Resselgasse
86%
Knöllgasse
79%
Davidgasse, Knöllgasse
71%
Hintere Zollamtsstraße
71%
Julius-Raab-Platz
71%
Knöllgasse, Troststraße
71%
Paulanergasse
71%
Salztorbrücke
71%
Windtenstraße
71%
Wittelsbachstraße
71%
Johann-Strauß-Gasse
64%
Mayerhofgasse
64%
Laurenzgasse
57%
Hetzgasse
50%
Keine übereinstimmenden Quizze gefunden
Verteilung der Resultate
Anzahl Personen mit jedem Resultat
Perzentil nach korrekt beantworteten Fragen
Ihre Resultats-Entwicklung
Sie haben dieses Quiz noch nicht gespielt